Normal view
MARC view
- Turban, Efraim ,Aronson, Jay E
Entry Personal Name
001 - CONTROL NUMBER
- control field: 57063
003 - CONTROL NUMBER IDENTIFIER
- control field: NUST
005 - DATE AND TIME OF LATEST TRANSACTION
- control field: 20210628201837.0
008 - FIXED-LENGTH DATA ELEMENTS
- fixed length control field: 210628|| aca||aabn | a|a d
040 ## - CATALOGING SOURCE
- Original cataloging agency: NUST
- Transcribing agency: NUST
100 ## - HEADING--PERSONAL NAME
- Personal name: Turban, Efraim ,Aronson, Jay E
670 ## - SOURCE DATA FOUND
- Source citation: Work cat.: (NUST): Turban, Efraim ,Aronson, Jay E, Decision support systems and intelligent systems, 2003
